| 000 | 01045nam a2200289 i 4500 | ||
|---|---|---|---|
| 001 | bg | ||
| 003 | BPK | ||
| 005 | 20191129112817.0 | ||
| 008 | 991125s1993 uk a f 001 0 eng d | ||
| 020 | _a0194370666 (pbk) | ||
| 040 | _cBPK | ||
| 100 | 1 | _aStern, H. H. | |
| 245 | 1 | 0 |
_aIssues and options in language teaching / _cH. H. Stern ; ed. by Patrick Allen and Birgit Harley. |
| 250 | _a[2nd impr.]. | ||
| 260 |
_aOxford [etc.] : _bOxford University Press, _c1993. |
||
| 300 |
_aXI, [1], 404 s. : _bil. ; _c24 cm. |
||
| 490 | 1 | _aOxford applied linguistics | |
| 500 | _a1st publ. 1992. | ||
| 504 | _aBibliography. s. [369]-396. Indeks. | ||
| 650 | 9 |
_aLanguage and languages _xStudy and teaching |
|
| 700 | 1 |
_aHaeley, Birgit. _eed. |
|
| 700 | 1 |
_aAllen, Patrick. _eRedakcja |
|
| 710 | 2 |
_aOxford University Press _4pbl. |
|
| 830 | 0 | _aOxford applied linguistics | |
| 942 |
_cKS _2UKD |
||
| 856 |
_uhttp://koha.tu.koszalin.pl/cgi-bin/koha/opac-detail.pl?biblionumber=48083 _yKatalog online BPK |
||
| 999 |
_c48083 _d48083 |
||